Alternativa del cambio de la seguridad social en los países en desarrollo (Registro nro. 22689)
[ vista simple ]
| 000 -LEADER | |
|---|---|
| fixed length control field | 00387 a2200109 4500 |
| 001 - CONTROL NUMBER | |
| control field | ART_4837 |
| 005 - DATE AND TIME OF LATEST TRANSACTION | |
| control field | 20260410161825.0 |
| 008 - FIXED-LENGTH DATA ELEMENTS--GENERAL INFORMATION | |
| fixed length control field | 260409a |
| 100 1# - MAIN ENTRY--PERSONAL NAME | |
| Personal name | Moles, Ricardo R. |
| 245 10 - TITLE STATEMENT | |
| Title | Alternativa del cambio de la seguridad social en los países en desarrollo |
| 773 0# - HOST ITEM ENTRY | |
| Title | Revista de trabajo |
| Related parts | Temas de seguridad social - Año 3, Nº 9 (ene./mar. 1996) |
| Record control number | REV4713 |
No hay ítems disponibles.